000 00681nam a2200241Ia 4500
003 OSt
005 20220918230853.0
006 a|||||r|||| 00| 0
007 ta
008 220917b |||||||| |||| 00| 0 eng d
024 _a261,204
037 _cTextual
040 _aARTS
_cARTS
_beng
041 _2eng
_aeng
082 _aW.29W, P5
100 _aBaruah Sanjib
_9153439
245 0 _aDurable disorder
_b understanding the politics of northeast India
260 _aNew Delhi
_bOxford University Press India
_c2005
300 _avii,252p.
_ccm.
650 _aPOLITICAL SCIENCE
942 _hW.29W, P5
_cTEXL
_2CC
999 _c289197
_d289197